| 000 | 00353nam a2200157Ia 4500 | ||
|---|---|---|---|
| 008 | 210210b1968 xxu||||| |||| 00| 0 eng d | ||
| 041 | _aeng | ||
| 082 | _a336/172 | ||
| 100 | _aTANDON (B C) | ||
| 245 | _aBritish economy | ||
| 260 |
_aAllahabad _b- _c1968 |
||
| 650 | _aeconomy | ||
| 650 | _aBritish | ||
| 690 | _aEconomic History | ||
| 906 | _a004909 | ||
| 999 |
_c128511 _d128511 |
||